• 首页
  • 本馆介绍
  • 公告通知
  • 最新文献
  • 馆藏检索
  • 电子资源
  • 读者导购
  • 参考咨询
  • 我的图书馆
  • 登录
  • 详细信息显示
  • 放入我的书架
  • 预约/预借图书
  • 作者相关作品
  • 分类相关作品
  • 丛书相关作品
  • 出版社相关作品

书目信息

  • 表格格式
  • 工作单格式
  • 卡片格式
题名:
马钦忠自选集
    
 
作者: 马钦忠, 著
分册:  
出版信息: 太原   北岳文艺出版社  2018
页数: 267页
开本: 25cm
丛书名: 中国当代艺术批评文库
单 册:
中图分类: J052-53 , J052
科图分类:
主题词: 艺术评论--yi shu ping lun--中国--现代--文集
电子资源:
ISBN: 978-7-5378-5415-3
000 01272nam 2200301 45
001 012001010354
005 20140101161207.0
010    @a978-7-5378-5415-3@b精装@dCNY59.80
099    @aCAL 012018053845
100    @a20180511d2018 em y0chiy50 ea
101 0  @achi
102    @aCN@b140000
105    @aa a 000yy
106    @ar
200 1  @a马钦忠自选集@Ama qin zhong zi xuan ji@f马钦忠著
210    @a太原@c北岳文艺出版社@d2018
215    @a267页@c图版@d25cm
225 2  @a中国当代艺术批评文库@Azhong guo dang dai yi shu pi ping wen ku
314    @a马钦忠, 1957年出生, 安徽合肥人, 四川大学文艺学硕士。已出版多部著作。现任《中国公共艺术与景观》主编, 中国风景园林学会公共艺术专业委员会副主任。
320    @a有书目
330    @a本书为作者的作品集。作者收录了已发表的有关美术研究与批评的文章三十余篇。附录部分编入了作者初涉文事的两篇处女之作和一篇近年写的作者认为较重要的长篇论文; 篇幅稍大, 有喧宾夺主之嫌。算是为编选自选集提供作者的学术工作背景, 为读者和朋友交待作者的求学旨意及方向。
410  0 @12001 @a中国当代艺术批评文库
606 0  @a艺术评论@Ayi shu ping lun@y中国@z现代@j文集
690    @aJ052-53@v5
690    @aJ052@v5
701  0 @a马钦忠,@Ama qin zhong@f1957-@4著
801  2 @aCN@b上海新华@c20191020
905    @b1136502-4@dJ052-53@e499@f3
    
    马钦忠自选集/马钦忠著.-太原:北岳文艺出版社,2018
    267页:图版;25cm.-(中国当代艺术批评文库)
    
    
    ISBN 978-7-5378-5415-3(精装):CNY59.80
    本书为作者的作品集。作者收录了已发表的有关美术研究与批评的文章三十余篇。附录部分编入了作者初涉文事的两篇处女之作和一篇近年写的作者认为较重要的长篇论文; 篇幅稍大, 有喧宾夺主之嫌。算是为编选自选集提供作者的学术工作背景, 为读者和朋友交待作者的求学旨意及方向。
●
相关链接 在E读中查询图书 在五车中查询图书 在当当中查询图书 在豆瓣中查询图书


正题名:马钦忠自选集     索取号:J052-53/499         预约/预借

序号 登录号 条形码 馆藏地/架位号 状态 备注
1 1136502   211365020   第一样本阅览室/ [索取号:J052-53/499] 在馆    
2 1136503   211365039   第一借阅区/ [索取号:J052-53/499] 在馆    
3 1136504   211365048   第一借阅区/ [索取号:J052-53/499] 在馆    
唐山师范学院图书馆 欢迎您!
大连网信软件有限公司© 版权所有